[Event "Talent CUP 2019 - A"]
[Site "?"]
[Date "2019.12.14"]
[Round "6.2"]
[White "Lovcican, Tomas"]
[Black "Wilk, Igor"]
[Result "0-1"]
[WhiteElo "1755"]
[BlackElo "1717"]
[PlyCount "80"]
[EventDate "2019.??.??"]

1. e4 c6 2. d4 d5 3. Nc3 dxe4 4. Nxe4 Bf5 5. Ng3 Bg6 6. Nf3 Nd7 7. c4 e6 8. Bf4
Qa5+ 9. Bd2 Bb4 10. a3 Bxd2+ 11. Qxd2 Qxd2+ 12. Kxd2 O-O-O 13. Kc3 c5 14. Rd1
Ngf6 15. Bd3 cxd4+ 16. Nxd4 Bxd3 17. Rxd3 Nc5 18. Re3 Na4+ 19. Kb3 Rxd4 20.
Kxa4 Rxc4+ 21. Kb3 b5 22. Re5 a6 23. Rd1 Rd8 24. Rxd8+ Kxd8 25. Nh5 Nxh5 26.
Rxh5 h6 27. Rh3 Ke7 28. Rg3 g6 29. Rd3 h5 30. h3 h4 31. Rd2 g5 32. Ka2 g4 33.
b3 Re4 34. hxg4 Rxg4 35. f3 Rg3 36. Rf2 Kf6 37. Kb2 Kf5 38. Kc2 Kf4 39. Kd2 h3
40. gxh3 Rxf3 0-1

[Event "Talent CUP 2019 - A"]
[Site "?"]
[Date "2019.12.14"]
[Round "6.3"]
[White "Seidl, Jan"]
[Black "Vecera, Dominik"]
[Result "1/2-1/2"]
[WhiteElo "1539"]
[BlackElo "1701"]
[PlyCount "63"]
[EventDate "2019.??.??"]

1. b3 d5 2. Bb2 Nf6 3. Nf3 Bf5 4. e3 e6 5. Be2 h6 6. d3 Be7 7. Nbd2 O-O 8. Ne5
Nbd7 9. f4 Nxe5 10. fxe5 Nd7 11. Bg4 Bh7 12. Qf3 c5 13. O-O Qc7 14. Qg3 Rae8
15. a4 Bd8 16. Rae1 Qb8 17. e4 d4 18. Nc4 Bc7 19. Nd6 Nxe5 20. Nxe8 Rxe8 21.
Bc1 Nxg4 22. Qxg4 Bxh2+ 23. Kh1 Bg6 24. Bf4 Bxf4 25. Qxf4 Qxf4 26. Rxf4 e5 27.
Rff1 Kf8 28. Ra1 a5 29. Kh2 Ke7 30. g4 Rd8 31. Kg3 Rd6 32. Rh1 1/2-1/2

[Event "Talent CUP 2019 - A"]
[Site "?"]
[Date "2019.12.14"]
[Round "6.4"]
[White "Jozefczyk, Szymon"]
[Black "Juhanak, Daniel"]
[Result "1/2-1/2"]
[WhiteElo "1648"]
[BlackElo "1561"]
[PlyCount "44"]
[EventDate "2019.??.??"]

1. d4 d5 2. Nc3 Nf6 3. Bf4 c5 4. e3 g6 5. h4 h5 6. Nb5 Na6 7. Nf3 Bg7 8. c3 O-O
9. Be2 Bd7 10. Ne5 Re8 11. Nxd7 Nxd7 12. Bg3 e5 13. Nd6 Re6 14. Nxb7 Qb6 15.
Bxa6 Qxa6 16. Nxc5 Nxc5 17. dxc5 d4 18. Qe2 Qa5 19. O-O Qxc5 20. cxd4 exd4 21.
Qf3 Rae8 22. exd4 Bxd4 1/2-1/2

[Event "Talent CUP 2019 - A"]
[Site "?"]
[Date "2019.12.14"]
[Round "6.5"]
[White "Wydmanski, Szymon"]
[Black "Krupinski, Mikolaj"]
[Result "1-0"]
[WhiteElo "1447"]
[BlackElo "1569"]
[PlyCount "53"]
[EventDate "2019.??.??"]

1. e4 c5 2. Nf3 Nc6 3. d4 cxd4 4. Nxd4 Nf6 5. Nc3 d6 6. Bg5 e6 7. Qd2 a6 8.
O-O-O Bd7 9. f4 h6 10. Bh4 Be7 11. Be2 Qa5 12. Nb3 Qc7 13. g4 b5 14. Bf3 b4 15.
Ne2 a5 16. Nbd4 Nxd4 17. Nxd4 Nxe4 18. Bxe4 Bxh4 19. Bxa8 e5 20. Nf5 Bxf5 21.
gxf5 Ke7 22. Bf3 Rc8 23. Kb1 Bf6 24. Rhe1 a4 25. Re3 Qb6 26. fxe5 Bxe5 27.
Rxe5+ 1-0

[Event "Talent CUP 2019 - A"]
[Site "?"]
[Date "2019.12.15"]
[Round "7.1"]
[White "Paseka, Matyas"]
[Black "Wydmanski, Szymon"]
[Result "1/2-1/2"]
[WhiteElo "1840"]
[BlackElo "1447"]
[PlyCount "42"]
[EventDate "2019.??.??"]

1. e4 c5 2. Nf3 d6 3. d4 cxd4 4. Nxd4 Nf6 5. Nc3 a6 6. f3 e5 7. Nb3 Be6 8. Be3
Be7 9. Qd2 O-O 10. g4 d5 11. g5 d4 12. gxf6 Bxf6 13. O-O-O dxe3 14. Qe2 Qb6 15.
Na4 Qc6 16. Nac5 Bxb3 17. Nxb3 Nd7 18. Bh3 Nc5 19. Qxe3 Nxb3+ 20. Qxb3 Rad8 21.
Rd5 Rxd5 1/2-1/2

[Event "Talent CUP 2019 - A"]
[Site "?"]
[Date "2019.12.15"]
[Round "7.2"]
[White "Wilk, Igor"]
[Black "Jozefczyk, Szymon"]
[Result "1/2-1/2"]
[WhiteElo "1717"]
[BlackElo "1648"]
[PlyCount "36"]
[EventDate "2019.??.??"]

1. e4 d6 2. d4 Nf6 3. Nc3 c6 4. Nf3 Bg4 5. Be2 Nbd7 6. O-O e5 7. dxe5 dxe5 8.
h3 Bxf3 9. Bxf3 Qc7 10. a3 a5 11. Qe2 Be7 12. Be3 O-O 13. Rad1 b5 14. a4 b4 15.
Nb1 Nc5 16. Bxc5 Bxc5 17. Nd2 Nd7 18. Bg4 Nb6 1/2-1/2

[Event "Talent CUP 2019 - A"]
[Site "?"]
[Date "2019.12.15"]
[Round "7.3"]
[White "Wasik, Mateusz"]
[Black "Grot, Blazej"]
[Result "1/2-1/2"]
[WhiteElo "1779"]
[BlackElo "1611"]
[PlyCount "96"]
[EventDate "2019.??.??"]

1. e4 c5 2. Nf3 e6 3. d4 cxd4 4. Nxd4 Nf6 5. Nc3 d6 6. Be2 Be7 7. O-O O-O 8.
Kh1 Nc6 9. Be3 Bd7 10. f4 Nxd4 11. Bxd4 Bc6 12. Bd3 d5 13. Bxf6 Bxf6 14. e5 Be7
15. Qg4 g6 16. Rad1 Re8 17. Ne2 Bf8 18. Nd4 Bg7 19. c3 a6 20. Rde1 Qc7 21. Qe2
Rad8 22. h4 Qe7 23. g3 Rc8 24. Kh2 Rc7 25. h5 Bd7 26. Rh1 b5 27. a3 Rb8 28. Kg1
Qc5 29. Rc1 a5 30. b4 axb4 31. axb4 Qb6 32. Kh2 Rbc8 33. Qd2 Bf8 34. Nf3 Bxb4
35. hxg6 hxg6 36. Rb1 Bxc3 37. Qe2 Ba5 38. Kg2 b4 39. Rh6 Kf8 40. Ng5 Be8 41.
f5 gxf5 42. Qh5 Rc2+ 43. Bxc2 Rxc2+ 44. Kh1 Qf2 45. Nxe6+ Ke7 46. Qg5+ Kd7 47.
Nf4 Qf3+ 48. Kg1 Qf2+ 1/2-1/2

[Event "Talent CUP 2019 - A"]
[Site "?"]
[Date "2019.12.15"]
[Round "7.4"]
[White "Juhanak, Daniel"]
[Black "Lovcican, Tomas"]
[Result "0-1"]
[WhiteElo "1561"]
[BlackElo "1755"]
[PlyCount "94"]
[EventDate "2019.??.??"]

1. e4 c5 2. Nf3 Nc6 3. d4 cxd4 4. Nxd4 Nf6 5. Nc3 g6 6. Nxc6 bxc6 7. e5 Ng8 8.
Bc4 Bg7 9. Bf4 e6 10. O-O Ne7 11. Ne4 O-O 12. Qd2 Rb8 13. Rfe1 Rxb2 14. Bb3 Nd5
15. Bg3 f5 16. Bxd5 cxd5 17. Nf6+ Kh8 18. Bf4 d6 19. Bg5 Qc7 20. Qf4 dxe5 21.
Qh4 h5 22. Re3 Qf7 23. g4 Bxf6 24. gxh5 Bxg5 25. Qxg5 Rg8 26. Rg3 Kh7 27. hxg6+
Rxg6 28. Qh4+ Kg7 29. Kh1 Bb7 30. Rag1 d4+ 31. f3 Bxf3+ 32. Rxf3 Rxg1+ 33. Kxg1
Rb1+ 34. Kf2 f4 35. Qg5+ Qg6 36. Qe7+ Kg8 37. Qd8+ Kf7 38. Qd7+ Kf6 39. Qd8+
Kf5 40. Qf8+ Kg4 41. h3+ Kg5 42. Qe7+ Kf5 43. Qf8+ Qf6 44. Qg8 Qh4+ 45. Ke2
Qe1+ 46. Kd3 e4+ 47. Kc4 Qb4# 0-1

[Event "Talent CUP 2019 - A"]
[Site "?"]
[Date "2019.12.15"]
[Round "7.5"]
[White "Vecera, Dominik"]
[Black "Czernecki, Andrzej"]
[Result "1/2-1/2"]
[WhiteElo "1701"]
[BlackElo "1567"]
[PlyCount "56"]
[EventDate "2019.??.??"]

1. e4 c5 2. Nf3 d6 3. d4 cxd4 4. Nxd4 Nf6 5. Nc3 Nc6 6. Bg5 e6 7. Qd2 a6 8. f4
h6 9. Bxf6 Qxf6 10. Nf3 Qd8 11. O-O-O Bd7 12. Kb1 Be7 13. g4 b5 14. h4 Na5 15.
Bd3 Nc4 16. Bxc4 bxc4 17. f5 Rb8 18. Rde1 Qa5 19. Nd1 Qxd2 20. Nxd2 Rc8 21. c3
Bb5 22. Ne3 a5 23. Nc2 Kd7 24. Nd4 Ba6 25. N2f3 Bb7 26. e5 Bxf3 27. Nxf3 d5 28.
Nd4 Bc5 1/2-1/2

[Event "Talent CUP 2019 - B"]
[Site "?"]
[Date "2019.12.13"]
[Round "1.1"]
[White "Teply Koutsky, David"]
[Black "Letal, Jonas"]
[Result "1-0"]
[WhiteElo "1507"]
[BlackElo "1065"]
[PlyCount "45"]
[EventDate "2019.??.??"]

1. d4 d5 2. c4 e6 3. Nc3 Nf6 4. Bg5 Nbd7 5. e3 Bb4 6. a3 Bxc3+ 7. bxc3 O-O 8.
cxd5 exd5 9. Bd3 b6 10. Nf3 c5 11. Rc1 Bb7 12. O-O Qc7 13. h3 Qc6 14. Bf4 Rfe8
15. Ne5 Nxe5 16. Bxe5 Nd7 17. Bf4 Re6 18. Qh5 h6 19. Qd1 Rae8 20. Bf5 Rf6 21.
Qg4 Nf8 22. Be5 Rxf5 23. Qxg7# 1-0

[Event "Talent CUP 2019 - B"]
[Site "?"]
[Date "2019.12.13"]
[Round "1.2"]
[White "Zezula, Matej"]
[Black "Janouskova, Adela"]
[Result "0-1"]
[WhiteElo "1060"]
[BlackElo "1349"]
[PlyCount "37"]
[EventDate "2019.??.??"]

1. e4 c5 2. d4 cxd4 3. c3 d3 4. Bxd3 Nc6 5. Nf3 d6 6. O-O Nf6 7. Bf4 g6 8. e5
Nh5 9. Bg3 Nxg3 10. fxg3 dxe5 11. Qc2 Bg7 12. Nbd2 O-O 13. Rae1 Kh8 14. Nc4 Qc7
15. Nfd2 f5 16. Qb1 Be6 17. Bc2 Rad8 18. Qc1 Bh6 19. Rd1 0-1

[Event "Talent CUP 2019 - B"]
[Site "?"]
[Date "2019.12.13"]
[Round "1.3"]
[White "Horkova, Tereza"]
[Black "Mcevoy, Thomas James"]
[Result "1/2-1/2"]
[WhiteElo "1327"]
[BlackElo "1058"]
[PlyCount "113"]
[EventDate "2019.??.??"]

1. e4 d5 2. exd5 Nf6 3. Nf3 Nxd5 4. d4 Bg4 5. c4 Nf6 6. Be2 Nc6 7. d5 Bxf3 8.
Bxf3 Ne5 9. Qb3 Nxf3+ 10. Qxf3 Qd7 11. O-O O-O-O 12. Nc3 e6 13. Rd1 exd5 14.
cxd5 Bb4 15. Bg5 Be7 16. a4 h6 17. Bh4 c6 18. d6 Bxd6 19. Ne4 Nxe4 20. Bxd8
Rxd8 21. Qxe4 Qe6 22. Qxe6+ fxe6 23. Re1 Kd7 24. Rad1 Ke7 25. Re3 Bxh2+ 26.
Kxh2 Rxd1 27. Rb3 b6 28. Rg3 Kf8 29. Re3 Ke7 30. Rg3 Kf7 31. Rf3+ Ke8 32. Rg3
Rd7 33. Re3 Re7 34. f4 Kf7 35. g4 Rd7 36. Kg3 Rd4 37. b3 c5 38. Rc3 Kf6 39. Kf3
g5 40. fxg5+ Kxg5 41. Re3 Rxg4 42. Rxe6 Rf4+ 43. Kg3 Rb4 44. Re5+ Kf6 45. Re3
c4 46. Rf3+ Kg5 47. bxc4 Rxc4 48. Ra3 h5 49. a5 h4+ 50. Kh3 b5 51. Rd3 b4 52.
Rd5+ Kf6 53. Rd7 b3 54. Rxa7 b2 55. Rb7 Ra4 56. Rxb2 Rxa5 57. Kxh4 1/2-1/2

[Event "Talent CUP 2019 - B"]
[Site "?"]
[Date "2019.12.13"]
[Round "1.4"]
[White "Sopek, Filip"]
[Black "Cerven, Samuel"]
[Result "0-1"]
[WhiteElo "1052"]
[BlackElo "1312"]
[PlyCount "30"]
[EventDate "2019.??.??"]

1. e4 e5 2. Nf3 Nc6 3. d4 exd4 4. Nxd4 Bc5 5. Be3 Qf6 6. Nxc6 Bxe3 7. fxe3 dxc6
8. Nc3 Qg5 9. Qd3 Nf6 10. O-O-O Bd7 11. g3 O-O-O 12. Rg1 Bg4 13. Qc4 Qxe3+ 14.
Rd2 Qxd2+ 15. Kb1 Qe1+ 0-1

[Event "Talent CUP 2019 - B"]
[Site "?"]
[Date "2019.12.13"]
[Round "1.5"]
[White "Siles, Jan"]
[Black "Zapletal, Matyas"]
[Result "1-0"]
[WhiteElo "1295"]
[BlackElo "1050"]
[PlyCount "51"]
[EventDate "2019.??.??"]

1. e4 c5 2. Nf3 d6 3. d4 cxd4 4. Nxd4 Nf6 5. Nc3 g6 6. Be3 Bg7 7. Bc4 Ng4 8.
Bb5+ Bd7 9. Qxg4 O-O 10. Bxd7 Nxd7 11. O-O Ne5 12. Qe2 Rc8 13. f4 Nc6 14. Nxc6
Rxc6 15. Bd2 Qb6+ 16. Kh1 Qxb2 17. Rab1 Qa3 18. Rb3 Qa5 19. Nd5 Rxc2 20. Nxe7+
Kh8 21. Bxa5 Rxe2 22. Rxb7 Rxe4 23. g3 Bf6 24. Nd5 Re6 25. Nxf6 Rxf6 26. Bc3
1-0

[Event "Talent CUP 2019 - B"]
[Site "?"]
[Date "2019.12.13"]
[Round "2.1"]
[White "Svadlenka, Dominik"]
[Black "Teply Koutsky, David"]
[Result "1-0"]
[WhiteElo "1141"]
[BlackElo "1507"]
[PlyCount "83"]
[EventDate "2019.??.??"]

1. d4 e6 2. c4 f5 3. Nc3 Nf6 4. Bg5 d5 5. Bxf6 gxf6 6. e3 Bg7 7. Qh5+ Ke7 8.
cxd5 exd5 9. Bd3 Qd7 10. Qf3 c6 11. Nge2 Qe6 12. Ng3 f4 13. Qxf4 Nd7 14. Nh5
Kf7 15. Nb1 Qe7 16. a3 Nf8 17. h4 Ne6 18. Qf3 Nxd4 19. Qg3 Ne6 20. Bf5 Bf8 21.
Nd2 Nd4 22. Bd3 Ne6 23. O-O Ng7 24. Nf4 Nf5 25. Qf3 Ng7 26. Rae1 Qe5 27. Re2
Be7 28. e4 dxe4 29. Rxe4 Qc7 30. Bc4+ Kf8 31. Rfe1 Bd8 32. Qg3 Qd7 33. Nb3 b5
34. Ne6+ Nxe6 35. Bxe6 Qg7 36. Bxc8 Rxc8 37. Qd6+ Be7 38. Rxe7 Qg6 39. Rc7+ Kg8
40. Rxc8+ Kg7 41. Rxh8 Kxh8 42. Qb8+ 1-0

[Event "Talent CUP 2019 - B"]
[Site "?"]
[Date "2019.12.13"]
[Round "2.2"]
[White "Janouskova, Adela"]
[Black "Zrubek, Dan"]
[Result "1/2-1/2"]
[WhiteElo "1349"]
[BlackElo "1148"]
[PlyCount "92"]
[EventDate "2019.??.??"]

1. e4 c5 2. c3 e6 3. d4 Nf6 4. e5 Nd5 5. Nf3 b6 6. Nbd2 Bb7 7. Nc4 Qc7 8. Ne3
Be7 9. Nxd5 Bxd5 10. Be2 cxd4 11. cxd4 O-O 12. O-O Nc6 13. Be3 Qb7 14. Qd2 Bb4
15. Qd3 Rfc8 16. Ng5 g6 17. Nh3 Bf8 18. Nf4 Ne7 19. Nxd5 exd5 20. Bg5 Nf5 21.
Bg4 Ng7 22. Qh3 Ne6 23. Bxe6 dxe6 24. Bf6 Rc2 25. Rab1 Rac8 26. Qe3 Qc7 27. Bg5
Qc4 28. a3 Qe2 29. Qxe2 Rxe2 30. h3 Rcc2 31. b4 h6 32. Be3 Ra2 33. Ra1 Kg7 34.
Rfc1 Rxa1 35. Rxa1 Rc2 36. Rc1 Rxc1+ 37. Bxc1 g5 38. Kf1 Kg6 39. Ke2 Kf5 40.
Kd3 h5 41. f3 h4 42. Kc3 b5 43. Kb3 a6 44. a4 Be7 45. axb5 axb5 46. Kc3 f6
1/2-1/2

[Event "Talent CUP 2019 - B"]
[Site "?"]
[Date "2019.12.13"]
[Round "2.3"]
[White "Cerven, Samuel"]
[Black "Krotki, Lukas"]
[Result "1-0"]
[WhiteElo "1312"]
[BlackElo "1132"]
[PlyCount "35"]
[EventDate "2019.??.??"]

1. e4 e5 2. Nf3 Nc6 3. d4 exd4 4. Bc4 Qf6 5. O-O d6 6. Bg5 Qg6 7. Qd2 h6 8. Bh4
a6 9. Nxd4 Nxd4 10. Qxd4 Be7 11. Bg3 Bf6 12. e5 dxe5 13. Re1 Ne7 14. Bxe5 b5
15. Bd3 Qg5 16. f4 Qh4 17. g3 Qh3 18. Bxf6 1-0

[Event "Talent CUP 2019 - B"]
[Site "?"]
[Date "2019.12.13"]
[Round "2.4"]
[White "Letal, Hynek"]
[Black "Siles, Jan"]
[Result "0-1"]
[WhiteElo "1093"]
[BlackElo "1295"]
[PlyCount "118"]
[EventDate "2019.??.??"]

1. e4 c5 2. Nf3 Nc6 3. Bb5 g6 4. O-O Bg7 5. c3 Nf6 6. Re1 O-O 7. d4 cxd4 8.
cxd4 Qb6 9. Bxc6 dxc6 10. Nc3 Bg4 11. Qb3 Qxb3 12. axb3 Bxf3 13. gxf3 Rad8 14.
e5 Nd5 15. Bg5 Rfe8 16. Rxa7 f6 17. exf6 exf6 18. Rxe8+ Rxe8 19. Bd2 Re7 20.
Ra5 Rd7 21. Ne4 b6 22. Ra4 f5 23. Nc3 Rd6 24. Be3 b5 25. Ra6 Nxe3 26. fxe3 Re6
27. Kf2 b4 28. Na2 f4 29. Nxb4 fxe3+ 30. Ke2 Bxd4 31. Rxc6 Re8 32. Nd3 Rd8 33.
b4 Rb8 34. Rc4 Bb6 35. b5 Ba7 36. Rb4 Bb6 37. Nf4 Rc8 38. Nd5 Rc2+ 39. Kd1 e2+
40. Ke1 Ba5 41. b6 Bxb4+ 42. Nxb4 Rxb2 43. Nd5 Rb5 44. Ne7+ Kf7 45. Nc8 Ke6 46.
Kxe2 Kd7 47. f4 Kxc8 48. Kf3 Rxb6 49. Kg4 Rb5 50. h4 Kd7 51. Kg3 Ke6 52. Kg4 h6
53. Kg3 Kf5 54. Kg2 Kxf4 55. Kh2 Kg4 56. Kg2 Rb2+ 57. Kg1 Kf3 58. Kh1 Kg3 59.
Kg1 Rb1# 0-1

[Event "Talent CUP 2019 - B"]
[Site "?"]
[Date "2019.12.13"]
[Round "2.5"]
[White "Uhryn, Mateusz"]
[Black "Uhryn, Lukasz"]
[Result "1/2-1/2"]
[WhiteElo "1253"]
[BlackElo "1117"]
[PlyCount "67"]
[EventDate "2019.??.??"]

1. e4 e5 2. Nf3 Nc6 3. Bc4 Nf6 4. Nc3 d6 5. d3 Be7 6. Bg5 O-O 7. O-O Be6 8. Bb3
h6 9. Bxf6 Bxf6 10. Nd5 Be7 11. Nxe7+ Qxe7 12. Re1 Bxb3 13. axb3 f5 14. exf5
Rxf5 15. d4 Qf6 16. c3 exd4 17. cxd4 Rxf3 18. Qxf3 Qxf3 19. gxf3 Nxd4 20. Re3
Rf8 21. Rxa7 Nxf3+ 22. Rxf3 Rxf3 23. Rxb7 c5 24. Kg2 Rd3 25. Rb6 Kf7 26. b4
cxb4 27. Rxb4 Kf6 28. Rf4+ Ke5 29. Rg4 Rd2 30. b4 g5 31. h3 Rb2 32. Kg3 Kf5 33.
Kg2 d5 34. Rd4 1/2-1/2

[Event "Talent CUP 2019 - B"]
[Site "?"]
[Date "2019.12.13"]
[Round "3.1"]
[White "Magdziarz, Piotr"]
[Black "Cerven, Samuel"]
[Result "1-0"]
[WhiteElo "1092"]
[BlackElo "1312"]
[PlyCount "97"]
[EventDate "2019.??.??"]

1. b4 e5 2. Bb2 Bxb4 3. Bxe5 Nf6 4. e3 Nc6 5. Bb2 d5 6. Nf3 Bg4 7. Be2 Qe7 8.
a3 Bc5 9. d3 Rd8 10. Nbd2 Bf5 11. O-O O-O 12. Bxf6 Qxf6 13. d4 Bd6 14. c4 dxc4
15. Nxc4 Be4 16. Nxd6 Rxd6 17. Nd2 Bf5 18. Nc4 Rd5 19. Bf3 Rdd8 20. Bxc6 Qxc6
21. Ne5 Qd5 22. Nd3 Bxd3 23. Qxd3 Rd6 24. Rfd1 f5 25. Rac1 Rc6 26. Rxc6 Qxc6
27. d5 Qd6 28. f3 g6 29. e4 fxe4 30. fxe4 Rd8 31. Qd4 Qb6 32. Kf2 Kf7 33. Qxb6
axb6 34. e5 Ke7 35. Ke3 c5 36. Ke4 Rc8 37. Rb1 c4 38. Rxb6 c3 39. Rxb7+ Ke8 40.
Rb1 c2 41. Rc1 Ke7 42. Kd3 Rc5 43. Kd4 Rc8 44. a4 Kd7 45. a5 Ke7 46. a6 Kd7 47.
a7 Ke7 48. Kd3 Rc7 49. a8=Q 1-0

[Event "Talent CUP 2019 - B"]
[Site "?"]
[Date "2019.12.13"]
[Round "3.2"]
[White "Siles, Jan"]
[Black "Svadlenka, Michal"]
[Result "0-1"]
[WhiteElo "1295"]
[BlackElo "1165"]
[PlyCount "58"]
[EventDate "2019.??.??"]

1. e4 c5 2. Nf3 d6 3. d4 cxd4 4. Nxd4 Nf6 5. Nc3 g6 6. Be3 Bg7 7. Bc4 O-O 8. h3
Nc6 9. Qd2 Bd7 10. O-O-O Rc8 11. Bb3 Na5 12. h4 h5 13. f3 Nxb3+ 14. Nxb3 a5 15.
a3 b5 16. Nd5 Nxd5 17. exd5 Bf5 18. c3 b4 19. Bd4 Bxd4 20. Nxd4 bxa3 21. bxa3
Bd7 22. g4 Ba4 23. Rde1 Qb6 24. Nc6 Bxc6 25. dxc6 Rxc6 26. gxh5 Rfc8 27. Qb2
Rxc3+ 28. Kb1 Rb3 29. Re2 Rxb2+ 0-1

[Event "Talent CUP 2019 - B"]
[Site "?"]
[Date "2019.12.13"]
[Round "3.3"]
[White "Ziakas, Damian"]
[Black "Wolak, Maciej"]
[Result "0-1"]
[WhiteElo "1047"]
[BlackElo "1195"]
[PlyCount "112"]
[EventDate "2019.??.??"]

1. e4 c5 2. Nf3 d6 3. Nc3 Nc6 4. Bb5 g6 5. h3 Bg7 6. O-O e6 7. d3 Nge7 8. Be3
O-O 9. Qd2 a6 10. Ba4 f5 11. exf5 Nxf5 12. Bg5 Qc7 13. Ne4 Bxb2 14. Rab1 Bg7
15. Ng3 d5 16. Bxc6 Qxc6 17. Nxf5 Rxf5 18. Bh6 Bd7 19. Bxg7 Kxg7 20. Rfe1 b5
21. Ne5 Qc7 22. Nf3 Raf8 23. Qc3+ R5f6 24. d4 Rc8 25. dxc5 Qxc5 26. Qxc5 Rxc5
27. Ne5 Bc8 28. Rbc1 Kf8 29. Re3 Ke7 30. Ng4 Rf4 31. Ne5 Ra4 32. a3 Re4 33. Nd3
Rxe3 34. fxe3 Rc3 35. Nb4 Rxe3 36. Ra1 Rc3 37. Ra2 d4 38. Kf2 Kd6 39. Nd3 e5
40. Ke2 Be6 41. Rb2 Rxa3 42. Nb4 a5 43. Nd3 Bc4 44. Kd2 Bxd3 45. cxd3 b4 46.
Kc2 Rc3+ 47. Kd2 Kc5 48. Ra2 Kb5 49. Rc2 a4 50. Rxc3 bxc3+ 51. Kc2 Kb4 52. Kc1
Kb3 53. Kb1 c2+ 54. Kc1 a3 55. h4 a2 56. g3 a1=Q+ 0-1

[Event "Talent CUP 2019 - B"]
[Site "?"]
[Date "2019.12.13"]
[Round "3.4"]
[White "Barteckova, Valerie"]
[Black "Svadlenka, Dominik"]
[Result "0-1"]
[WhiteElo "1169"]
[BlackElo "1141"]
[PlyCount "110"]
[EventDate "2019.??.??"]

1. e4 c5 2. c3 d5 3. exd5 Qxd5 4. Nf3 Nc6 5. d4 Bg4 6. Be3 Rd8 7. c4 Qd7 8. d5
Nf6 9. Nc3 Bxf3 10. gxf3 Ne5 11. Bxc5 Qf5 12. Be2 Nh5 13. Ne4 Nf4 14. Ng3 Qg6
15. Qd4 Nxe2 16. Qxe5 Nxg3 17. fxg3 b6 18. Ba3 Qc2 19. O-O Qxc4 20. Rad1 Qc8
21. Rfe1 Qd7 22. Rd2 f6 23. Qe4 Qb7 24. Red1 Rc8 25. Qe3 Qd7 26. d6 e6 27. Re1
Kf7 28. g4 g5 29. h3 h5 30. f4 gxf4 31. Qxf4 Bh6 32. Qf2 Bxd2 33. Qxd2 hxg4 34.
hxg4 e5 35. Qe2 Rcg8 36. g5 Rxg5+ 37. Kf1 Rh1+ 38. Kf2 Rh2+ 39. Ke3 Rxe2+ 40.
Rxe2 Rg3+ 41. Kd2 Rxa3 42. bxa3 Qxd6+ 43. Ke1 Ke6 44. Rd2 Qxd2+ 45. Kxd2 Kd5
46. Ke3 f5 47. Kd3 f4 48. Ke2 Kd4 49. Kd2 e4 50. Ke2 f3+ 51. Kf1 e3 52. Ke1 e2
53. Kf2 Kd3 54. Ke1 Ke3 55. a4 f2# 0-1

[Event "Talent CUP 2019 - B"]
[Site "?"]
[Date "2019.12.13"]
[Round "3.5"]
[White "Janouskova, Adela"]
[Black "Bandyk, Joanna"]
[Result "1/2-1/2"]
[WhiteElo "1349"]
[BlackElo "1077"]
[PlyCount "77"]
[EventDate "2019.??.??"]

1. e4 c5 2. c3 Nf6 3. e5 Nd5 4. d4 e6 5. Nf3 d6 6. Be2 Nc6 7. O-O dxe5 8. dxe5
Be7 9. Nbd2 O-O 10. Nc4 b5 11. Ne3 a6 12. Nxd5 Qxd5 13. Qc2 f5 14. exf6 Bxf6
15. Be3 Bb7 16. Rfd1 Qf5 17. Qxf5 exf5 18. Bxc5 Rfe8 19. Bd3 Ne5 20. Nxe5 Rxe5
21. Bd4 Rd5 22. Bxf6 gxf6 23. a4 Rad8 24. Bc2 Rd2 25. h3 Be4 26. Rxd2 Rxd2 27.
Bxe4 fxe4 28. axb5 axb5 29. b4 Rc2 30. Ra5 Rxc3 31. Rxb5 Rb3 32. Rb7 h6 33. Kf1
f5 34. Ke2 f4 35. Kd2 Rb2+ 36. Ke1 Kf8 37. Kf1 Rb1+ 38. Ke2 Rb2+ 39. Kf1
1/2-1/2

[Event "Talent CUP 2019 - B"]
[Site "?"]
[Date "2019.12.14"]
[Round "4.1"]
[White "Wolak, Maciej"]
[Black "Svadlenka, Dominik"]
[Result "1-0"]
[WhiteElo "1195"]
[BlackElo "1141"]
[PlyCount "69"]
[EventDate "2019.??.??"]

1. e4 c5 2. Nf3 d6 3. d4 cxd4 4. Nxd4 Nf6 5. Nc3 g6 6. Be3 Bg7 7. f3 O-O 8. Qd2
Nc6 9. Bc4 Bd7 10. O-O-O Rb8 11. g4 b5 12. Ndxb5 Ne5 13. Be2 Bxb5 14. Nxb5 Nxf3
15. Bxf3 Rxb5 16. h4 Nxg4 17. Bd4 Ne5 18. Be2 Rb8 19. h5 f6 20. hxg6 hxg6 21.
Be3 Nf7 22. Bc4 g5 23. Qh2 Re8 24. Qh7+ Kf8 25. Bxg5 Qc7 26. Bxf7 Kxf7 27. Bh6
Rg8 28. Rhg1 Rgc8 29. Rxg7+ Ke8 30. Rg8+ Kd7 31. Qf5+ Kc6 32. Rg3 Kb7 33. Rc3
Qd8 34. Qd5+ Kb6 35. Be3+ 1-0

[Event "Talent CUP 2019 - B"]
[Site "?"]
[Date "2019.12.14"]
[Round "4.2"]
[White "Svadlenka, Michal"]
[Black "Magdziarz, Piotr"]
[Result "1-0"]
[WhiteElo "1165"]
[BlackElo "1092"]
[PlyCount "115"]
[EventDate "2019.??.??"]

1. e4 c5 2. Nf3 d6 3. d4 cxd4 4. Nxd4 Nf6 5. Nc3 Nc6 6. Be3 Bd7 7. f3 e6 8. Qd2
Nxd4 9. Bxd4 e5 10. Be3 Be7 11. g4 Be6 12. Bb5+ Nd7 13. O-O-O a6 14. Bxd7+ Qxd7
15. Bg5 f6 16. Be3 b5 17. g5 f5 18. exf5 Bxf5 19. Qd5 Rc8 20. Rd2 Be6 21. Qd3
b4 22. Ne4 Bc4 23. Nxd6+ Kf8 24. Qf5+ Qxf5 25. Nxf5 Bxa2 26. Rd7 Be6 27. Nxe7
Bxd7 28. Nxc8 Bxc8 29. Bc5+ Kf7 30. Bxb4 Bb7 31. Re1 Bxf3 32. Rxe5 Rd8 33. Rf5+
Kg6 34. Rxf3 Rd4 35. Bf8 Rg4 36. Rg3 Rf4 37. Bc5 Rc4 38. b4 a5 39. c3 h5 40. h4
axb4 41. Bxb4 Rxh4 42. Kd2 Rh2+ 43. Ke3 h4 44. Rg1 Kh5 45. Bf8 g6 46. c4 h3 47.
c5 Rc2 48. Be7 h2 49. Rh1 Kh4 50. Bd6 Kxg5 51. Rxh2 Rxh2 52. Bxh2 Kf5 53. c6
Ke6 54. c7 Kd7 55. Kd4 g5 56. Kc5 g4 57. Kb6 Kc8 58. Bg3 1-0

[Event "Talent CUP 2019 - B"]
[Site "?"]
[Date "2019.12.14"]
[Round "4.3"]
[White "Bandyk, Joanna"]
[Black "Uhryn, Lukasz"]
[Result "1-0"]
[WhiteElo "1077"]
[BlackElo "1117"]
[PlyCount "117"]
[EventDate "2019.??.??"]

1. e4 c5 2. Nf3 e6 3. d3 Nc6 4. g3 d5 5. Nbd2 Bd6 6. Bg2 Nge7 7. O-O O-O 8. Re1
Ng6 9. c3 Qb6 10. h4 Be7 11. Nf1 d4 12. h5 Nge5 13. cxd4 cxd4 14. b3 Nxf3+ 15.
Qxf3 Ne5 16. Qe2 Bd7 17. f4 Nxd3 18. Qxd3 Bb5 19. Qd1 Bb4 20. Bd2 Bxf1 21. Bxb4
Rfd8 22. Bxf1 Qxb4 23. Rc1 d3 24. Rc4 Qb6+ 25. Kg2 Qa5 26. Re3 Qxa2+ 27. Kg1 b5
28. Rc3 d2 29. Rc2 Qxc2 30. Qxc2 d1=Q 31. Qc6 Qd4 32. Kf2 Rac8 33. Qxb5 Rc2+
34. Kf3 Qd1+ 35. Be2 Qh1+ 36. Kf2 Qh2+ 37. Kf3 Qxh5+ 38. Qxh5 g6 39. Qg5 Rdc8
40. Qf6 e5 41. Rd3 exf4 42. gxf4 a5 43. Rd8+ Rxd8 44. Qxd8+ Kg7 45. Qxa5 h5 46.
b4 h4 47. b5 h3 48. Qa1+ f6 49. b6 h2 50. b7 Rb2 51. Ba6 Rb6 52. Kg2 Kh6 53.
Kxh2 Rb3 54. Qxf6 Kh7 55. Qf7+ Kh6 56. Qxb3 g5 57. b8=Q g4 58. Qe6+ Kh5 59.
Qh8# 1-0

[Event "Talent CUP 2019 - B"]
[Site "?"]
[Date "2019.12.14"]
[Round "4.4"]
[White "Piatek, Szymon"]
[Black "Siles, Jan"]
[Result "1-0"]
[WhiteElo "1025"]
[BlackElo "1295"]
[PlyCount "107"]
[EventDate "2019.??.??"]

1. e4 c5 2. Nf3 Nc6 3. d4 cxd4 4. Nxd4 g6 5. Nc3 Bg7 6. Be3 Nf6 7. f3 O-O 8.
Qd2 d5 9. exd5 Nxd5 10. Nxc6 bxc6 11. Nxd5 cxd5 12. O-O-O Rb8 13. c3 e6 14.
Bxa7 Ra8 15. Bc5 Re8 16. a3 Qc7 17. Be3 Bd7 18. Be2 Reb8 19. Bd3 Ba4 20. Bc2 d4
21. Bxd4 Bxd4 22. Qxd4 Qb7 23. Qb4 Qa7 24. Qxa4 Qe3+ 25. Rd2 Rxa4 26. Bxa4 Rd8
27. Rhd1 Rxd2 28. Rxd2 Qf4 29. Bb3 Qxh2 30. Kc2 Qc7 31. Rd4 e5 32. Rd5 Kg7 33.
Kd3 Qb7 34. Bc4 Qxb2 35. a4 Qxg2 36. a5 Qxf3+ 37. Kc2 Qf2+ 38. Kb3 e4 39. Rd7
h5 40. Rxf7+ Qxf7 41. Bxf7 Kxf7 42. a6 e3 43. Kc2 h4 44. a7 g5 45. a8=Q Kg6 46.
Qe4+ Kh5 47. Qxe3 Kg4 48. Qe4+ Kg3 49. Qh1 h3 50. c4 h2 51. c5 g4 52. c6 Kh3
53. c7 g3 54. c8=Q+ 1-0

[Event "Talent CUP 2019 - B"]
[Site "?"]
[Date "2019.12.14"]
[Round "4.5"]
[White "Barteckova, Valerie"]
[Black "Teply Koutsky, David"]
[Result "1-0"]
[WhiteElo "1169"]
[BlackElo "1507"]
[PlyCount "41"]
[EventDate "2019.??.??"]

1. e4 e6 2. d4 d5 3. exd5 exd5 4. Nc3 Nf6 5. Bg5 Be7 6. Nf3 O-O 7. Bd3 Bg4 8.
O-O h6 9. Bh4 c6 10. h3 Be6 11. Re1 Nbd7 12. Qd2 Nb6 13. Qf4 Bd6 14. Ne5 Be7
15. Re3 Nbd7 16. Rg3 Nh5 17. Qxh6 f5 18. Qxe6+ Kh7 19. Bxf5+ Rxf5 20. Qxf5+ Kg8
21. Qf7+ 1-0